Дело по прошению поданному на высочайшее имя умершего кондитера М. Молинари дочерью Марией об определении её в трагические актри...

Доступно только в Электронных читальных залах Найти на картеНа карте
RUSMARC
00003678nmc2a22000003x 450
00132358685-7a2d-45cf-9802-c5b769a2e831
00520181127105914.0
100##$a20161227l18241825k l0rusy0189 ca
1010#$arus
102##$aRU
2001#$aДело по прошению поданному на высочайшее имя умершего кондитера М. Молинари дочерью Марией об определении её в трагические актрисы российской труппы
$j25 октября 1824 г. - 8 января 1825 г.
251##$cДело
300##$aДело
801#0$aRU
$bРГИА
$c20161227
$gRCR
801#1$aRU
$bГлавНИВЦ
$c20161227
$2rusmarc
801#2$aRU
$bПБ им. Б.Н. Ельцина
$c20181127
$gRCR
$2rusmarc
850##$aРГИА
852##$aРГИА
$eФедеральное казенное учреждение "Российский государственный исторический архив" (РГИА)
$j2552
937##$hРГИА
$d12234736
$aASBIBLIO_SCAN
462#0$1001dd3991dc-24e1-42ec-8838-ca4255420416
$12001
$a1746-1850 гг.
$1251
$cОпись
$1852
$j1
461#0$10019264ebf8-de62-4f1a-9eb4-9f22098dbbd5
$12001
$aДирекция императорских театров МИДв
$1251
$cФонд
$1852
$j497
215##$a14 л.
$d36,5х26 см
371##$aДокумент не является опубликованным и широко распространяемым
105##$ay###
1222#$ad
035##$a32358685-7a2d-45cf-9802-c5b769a2e831
856##$uhttp://readingroom.main.prlib.ru/item.aspx?id_node=n121045692&mode=full
Формат отображения